<?xml version="1.0" encoding="UTF-8"?>
<collection xmlns="http://www.loc.gov/MARC21/slim">
 <record>
  <leader>06271nam a2200409 a 4500</leader>
  <controlfield tag="001">kal3023</controlfield>
  <controlfield tag="003">Gr-AtHEAL</controlfield>
  <controlfield tag="005">20160422083725.0</controlfield>
  <controlfield tag="006">m        d        </controlfield>
  <controlfield tag="008">160413s2015    gr      s           gre|c</controlfield>
  <datafield tag="020" ind1=" " ind2=" ">
   <subfield code="a">9789606031366</subfield>
  </datafield>
  <datafield tag="040" ind1=" " ind2=" ">
   <subfield code="a">GR-AtHEAL</subfield>
   <subfield code="b">gre</subfield>
   <subfield code="c">GR-AtHEAL</subfield>
  </datafield>
  <datafield tag="082" ind1="0" ind2="4">
   <subfield code="a">616</subfield>
   <subfield code="2">23</subfield>
  </datafield>
  <datafield tag="100" ind1="1" ind2=" ">
   <subfield code="a">Σπυρόπουλος, Βασίλειος.</subfield>
   <subfield code="8">546</subfield>
  </datafield>
  <datafield tag="245" ind1="1" ind2="0">
   <subfield code="a">Εισαγωγή στην τεχνολογία χειρουργείου εντατικής και επείγουσας ιατρικής</subfield>
   <subfield code="h">[Ηλεκτρονικός πόρος] </subfield>
   <subfield code="b">Επιτήρηση, υποστήριξη και υποκατάσταση ζωτικών λειτουργιών και οργάνων</subfield>
   <subfield code="c">Σπυρόπουλος, Βασίλειος ; Κριτικός αναγνώστης,Βεντούρας, Ερρίκος-Χάϊμ ; Τεχνική επιμέλεια,Μποτσιβάλη, Μαρία ; Γλωσσική επιμέλεια,Παππάς, Βασίλειος.</subfield>
  </datafield>
  <datafield tag="260" ind1=" " ind2=" ">
   <subfield code="a">Αθήνα :</subfield>
   <subfield code="b">Σύνδεσμος Ελληνικών Ακαδημαϊκών Βιβλιοθηκών,</subfield>
   <subfield code="c">c2015.</subfield>
  </datafield>
  <datafield tag="490" ind1=" " ind2=" ">
   <subfield code="a">Ακαδημαϊκά Ηλεκτρονικά Συγγράμματα και Βοηθήματα Κάλλιπος</subfield>
   <subfield code="8">40</subfield>
  </datafield>
  <datafield tag="520" ind1=" " ind2=" ">
   <subfield code="a">Στόχος του Μαθήματος είναι η εισαγωγή των σπουδαστών στις συνιστώσες της Τεχνολογίας της Εντατικής και Επείγουσας Ιατρικής και του Χειρουργείου και περιλαμβάνει τα Συστήματα Επιτήρησης, Υποστήριξης και Υποκατάστασης ζωτικών λειτουργιών, τις σύγχρονες Χειρουργικές Τεχνολογίες και Τεχνικές και την Τεχνολογία της in vitro Διαγνωστικής, Αιμοδοτικής και Μεταμοσχευτικής κάλυψης του ασθενούς στο Τμήμα Επειγόντων Περιστατικών (ΤΕΠ), στις Μονάδες. Σκοποί του Μαθήματος είναι η κατανόηση των βασικών Φυσικών Αρχών Λειτουργίας κάθε βασικής συσκευής, διάταξης ή εγκατάστασης Βιοϊατρικής Τεχνολογίας των ΤΕΠ/ΜΕΘ και Χειρουργείων, η αφομοίωση των πλέον διαδεδομένων Τεχνικών Λύσεων Εφαρμογής και τέλος, η αντιμετώπιση χαρακτηριστικών πλευρών που αφορούν στην Λειτουργικότητα, στην Ασφάλεια και στον Ελεγχο Ποιότητας των εξεταζομένων μεθόδων και υλικών. Περιλαμβάνονται οι ακόλουθες Θεματικές Ενότητες:1. Η ιστορική εξέλιξη και οι συνιστώσες της Τεχνολογίας της Εντατικής και Επείγουσας Ιατρικής και του Χειρουργείου.2. Συστήματα Επιτήρησης Καταγραφής και Επεξεργασίας Ηλεκτρικών και άλλων Βιοσημάτων.3. Τα συστήματα ανάλυσης πνευμονικής λειτουργίας.4. Συστήματα υποστήριξης Αναπνευστικής και Νεφρικής Λειτουργίας στις ΜΕΘ.5. Η Τεχνολογία των Αναισθησιολογικών Διατάξεων.6. Χειρουργική Τεχνολογία και Διεγχειριτική Υποστήριξη και Υποκατάσταση Καρδιοαναπνευστικών Λειτουργιών.7. Συστήματα Απινίδωσης, Βηματοδότες και συναφείς Εμφυτευόμενες Διατάξεις.8. Τεχνολογία της in vitro Διαγνωστικής Εργαστηριακής υποστήριξης των ΤΕΠ-ΜΕΘ και των Χειρουργείων.9. Η Τεχνολογία της Ιατρικής των Μεταγγίσεων και Μεταμοσχέυσεων στα ΤΕΠ στις ΜΕΘ και στα Χειρουργεία.10. Η Απεικονιστική υποστήριξη στα ΤΕΠ στις ΜΕΘ και στα Χειρουργεία.11. Ηλεκτρονικά Αρχεία και υποστήριξη λήψης Ιατρικής Απόφασης στα ΤΕΠ στις ΜΕΘ και στα Χειρουργεία.12. Διαχείριση Ποιότητας, Ιατρικές Κωδικοποιήσεις &amp; Πρωτόκολα, Τεχνικά Πρότυπα και Διανοητική Ιδιοκτησία στην Βιοϊατρική Τεχνολογία.</subfield>
  </datafield>
  <datafield tag="650" ind1=" " ind2="0">
   <subfield code="a">Critical care medicine</subfield>
   <subfield code="8">2162</subfield>
  </datafield>
  <datafield tag="650" ind1=" " ind2="0">
   <subfield code="a">Emergency nursing</subfield>
   <subfield code="8">2163</subfield>
  </datafield>
  <datafield tag="653" ind1=" " ind2=" ">
   <subfield code="a">Κλινική χημεία</subfield>
  </datafield>
  <datafield tag="653" ind1=" " ind2=" ">
   <subfield code="a">Βιοϊατρική τεχνολογία</subfield>
  </datafield>
  <datafield tag="653" ind1=" " ind2=" ">
   <subfield code="a">Νοσηλευτική ΤΕΠ-ΜΕΘ</subfield>
  </datafield>
  <datafield tag="653" ind1=" " ind2=" ">
   <subfield code="a">Νοσηλευτική χειρουργείων</subfield>
  </datafield>
  <datafield tag="653" ind1=" " ind2=" ">
   <subfield code="a">Αναισθησιολογία</subfield>
  </datafield>
  <datafield tag="653" ind1=" " ind2=" ">
   <subfield code="a">Εντατική και επείγουσα ιατρική</subfield>
  </datafield>
  <datafield tag="653" ind1=" " ind2=" ">
   <subfield code="a">Χειρουργική</subfield>
  </datafield>
  <datafield tag="653" ind1=" " ind2=" ">
   <subfield code="a">Επιστήμες υγείας</subfield>
   <subfield code="a">Ιατρική</subfield>
   <subfield code="a">Χειρουργικές ειδικότητες</subfield>
   <subfield code="a">Γενική χειρουργική</subfield>
  </datafield>
  <datafield tag="653" ind1=" " ind2=" ">
   <subfield code="a">Επιστήμες υγείας</subfield>
   <subfield code="a">Ιατρική</subfield>
   <subfield code="a">Κλινική ιατρική</subfield>
  </datafield>
  <datafield tag="653" ind1=" " ind2=" ">
   <subfield code="a">Χημεία/γενική χημεία</subfield>
   <subfield code="a">Κλινική χημεία</subfield>
  </datafield>
  <datafield tag="653" ind1=" " ind2=" ">
   <subfield code="a">Τεχνολογία και επιστήμες μηχανικών</subfield>
   <subfield code="a">Ιατρική τεχνολογία και μηχανική</subfield>
  </datafield>
  <datafield tag="700" ind1="1" ind2=" ">
   <subfield code="a">Βεντούρας, Ερρίκος-Χάϊμ</subfield>
   <subfield code="e">Κριτικός αναγνώστης</subfield>
   <subfield code="8">547</subfield>
  </datafield>
  <datafield tag="856" ind1="4" ind2="0">
   <subfield code="u">http://hdl.handle.net/11419/3023</subfield>
   <subfield code="z">Πλήρες Κείμενο - Full text</subfield>
  </datafield>
  <datafield tag="907" ind1=" " ind2=" ">
   <subfield code="a">.b25680183</subfield>
   <subfield code="b">12-06-18</subfield>
   <subfield code="c">29-07-16</subfield>
  </datafield>
  <datafield tag="949" ind1=" " ind2=" ">
   <subfield code="0">0</subfield>
   <subfield code="1">0</subfield>
   <subfield code="2">ddc</subfield>
   <subfield code="4">0</subfield>
   <subfield code="6">616_000000000000000_ΣΠΥ</subfield>
   <subfield code="7">0</subfield>
   <subfield code="8">KALL</subfield>
   <subfield code="8">777</subfield>
   <subfield code="d">2016-04-13</subfield>
   <subfield code="r">2016-04-13</subfield>
   <subfield code="w">2016-04-13</subfield>
   <subfield code="z">616 ΣΠΥ</subfield>
   <subfield code="o">SEAB KALLIPOS</subfield>
  </datafield>
  <datafield tag="998" ind1=" " ind2=" ">
   <subfield code="a">80</subfield>
   <subfield code="a">01</subfield>
   <subfield code="a">02</subfield>
   <subfield code="a">03</subfield>
   <subfield code="a">04</subfield>
   <subfield code="a">05</subfield>
   <subfield code="a">06</subfield>
   <subfield code="a">07</subfield>
   <subfield code="a">08</subfield>
   <subfield code="a">09</subfield>
   <subfield code="a">10</subfield>
   <subfield code="a">11</subfield>
   <subfield code="a">12</subfield>
   <subfield code="a">13</subfield>
   <subfield code="a">14</subfield>
   <subfield code="a">15</subfield>
   <subfield code="a">16</subfield>
   <subfield code="a">17</subfield>
   <subfield code="a">18</subfield>
   <subfield code="a">19</subfield>
   <subfield code="a">20</subfield>
   <subfield code="a">21</subfield>
   <subfield code="a">22</subfield>
   <subfield code="a">23</subfield>
   <subfield code="a">24</subfield>
   <subfield code="a">25</subfield>
   <subfield code="a">26</subfield>
   <subfield code="b">16-05-17</subfield>
   <subfield code="c">m</subfield>
   <subfield code="d">z  </subfield>
   <subfield code="e">-</subfield>
   <subfield code="f">gre</subfield>
   <subfield code="g">gr </subfield>
   <subfield code="h">0</subfield>
  </datafield>
  <datafield tag="942" ind1=" " ind2=" ">
   <subfield code="2">ddc</subfield>
   <subfield code="c">KALLIPOS</subfield>
  </datafield>
 </record>
</collection>
